008900000a22002050004500090001400000245003700014650002000051650002400071650002200095650003100117650003200148653001100180041001300191100003100204942001300235773007100248999001700319952017400336952017400510 aARb0313310aRevision of Hillia ()14aBotánica936114aVegetación99279914aCladistica91211714aTaxonomía vegetal99226214aMorfología vegetal918295 gHillia0 aInglés1 aTaylor, Charlotte M.99073 cARTICULO1 tAnnals of the Missouri Botanical Garden3157h4q571-609d1994g81 c12188d12188 001040718HEMEROTECAaBogotabBogotad2015-02-27ePrieto, AdrianahFuera de circulaciónl0oAR 03133p013538r2015-03-25 00:00:00t2w2015-03-25xEntregadoyARTICULO 001040718HEMEROTECAaBogotabBogotad2015-02-27ePrieto, AdrianahFuera de circulaciónl0oAR 03133p013944r2015-03-25 00:00:00t1w2015-03-25xEntregadoyARTICULO